¡Soy Caldas! : (Registro nro. 6625)
[ vista simple ]
| 000 -LEADER | |
|---|---|
| fixed length control field | 01657nam a22002777a 4500 |
| 003 - CONTROL NUMBER IDENTIFIER | |
| control field | OSt |
| 005 - DATE AND TIME OF LATEST TRANSACTION | |
| control field | 20200303103513.0 |
| 008 - FIXED-LENGTH DATA ELEMENTS--GENERAL INFORMATION | |
| fixed length control field | 200303s2016 ck a|||er|||| 00| 0 spa d |
| 020 ## - INTERNATIONAL STANDARD BOOK NUMBER | |
| International Standard Book Number | 9789588972534 |
| 040 ## - CATALOGING SOURCE | |
| Original cataloging agency | CO-JMCR |
| Transcribing agency | CO-JMCR |
| 041 0# - LANGUAGE CODE | |
| Language code of text/sound track or separate title | spa |
| 082 04 - DEWEY DECIMAL CLASSIFICATION NUMBER | |
| Classification number | 925.8 / |
| Item number | P748s |
| Edition number | 20 |
| 100 1# - MAIN ENTRY--PERSONAL NAME | |
| Personal name | Pohl Valero, Stefan, |
| Relator term | autor |
| 9 (RLIN) | 1082 |
| 245 11 - TITLE STATEMENT | |
| Title | ¡Soy Caldas! : |
| Remainder of title | biografía de Francisco José de Caldas / |
| Statement of responsibility, etc. | Stefan Pohl Valero ; ilustraciones de Olga Cuéllar |
| 250 ## - EDITION STATEMENT | |
| Edition statement | Segunda edición |
| 260 ## - PUBLICATION, DISTRIBUTION, ETC. | |
| Place of publication, distribution, etc. | Bogotá : |
| Name of publisher, distributor, etc. | Alcaldía Mayor de Bogotá : Instituto Distrital de las Artes IDARTES, |
| Date of publication, distribution, etc. | 2016 |
| 300 ## - PHYSICAL DESCRIPTION | |
| Extent | 107 páginas : |
| Other physical details | ilustraciones a blanco y negro ; |
| Dimensions | 17 cm |
| 490 0# - SERIES STATEMENT | |
| Series statement | Libro al viento lateral ; |
| Volume/sequential designation | 65 |
| 504 ## - BIBLIOGRAPHY, ETC. NOTE | |
| Bibliography, etc. note | Bibliografía: páginas 105-107 |
| 505 0# - FORMATTED CONTENTS NOTE | |
| Formatted contents note | ¿Cómo convertirse en científico en el Nuevo Reino de Granada? -- La ilustración y las reformas Borbónicas -- Geografía, astronomía y política -- Caldas y la independencia de la Nueva Granada -- Ensayo Bibliográfico |
| 520 ## - SUMMARY, ETC. | |
| Summary, etc. | "Más que la historia de un héroe, el repaso de la vida de Caldas nos ayudará a mirar desde nuestro presente la reforma como se empezaron a pensar e implementar, hace más de doscientos años, una serie de reformas educativas y sociales que apuntaban a lograr el desarrollo económico y político de la Corona española pero que, a su vez, fueron elementos importantes en el camino a lo que hoy conocemos como la nación colombiana" |
| 650 14 - SUBJECT ADDED ENTRY--TOPICAL TERM | |
| Topical term or geographic name entry element | Francisco José de Caldas |
| General subdivision | Biografía |
| Chronological subdivision | 1768-1816 |
| 9 (RLIN) | 1083 |
| 650 14 - SUBJECT ADDED ENTRY--TOPICAL TERM | |
| Topical term or geographic name entry element | Biografías |
| General subdivision | Científicos |
| Geographic subdivision | Colombia |
| 9 (RLIN) | 1084 |
| 700 ## - ADDED ENTRY--PERSONAL NAME | |
| Personal name | Cuéllar, Olga, |
| Relator term | ilustradora |
| 9 (RLIN) | 1085 |
| 942 ## - ADDED ENTRY ELEMENTS (KOHA) | |
| Source of classification or shelving scheme | Dewey Decimal Classification |
| Koha item type | Books |
| Withdrawn status | Lost status | Source of classification or shelving scheme | Damaged status | Not for loan | Collection code | Home library | Current library | Shelving location | Date acquired | Source of acquisition | Cost, normal purchase price | Total Checkouts | Full call number | Barcode | Date last seen | Copy number | Price effective from | Koha item type |
|---|---|---|---|---|---|---|---|---|---|---|---|---|---|---|---|---|---|---|
| Dewey Decimal Classification | Non-fiction | Biblioteca Pública José María del Castillo y Rada | Biblioteca Pública José María del Castillo y Rada | Processing Center | 12/19/2019 | Donación | 0.00 | 925.8 / P748s | 201809869 | 03/03/2020 | Ej.1 | 03/03/2020 | Books | |||||
| Dewey Decimal Classification | Biblioteca Pública José María del Castillo y Rada | Biblioteca Pública José María del Castillo y Rada | 09/17/2021 | 925.8 / P748s | 201811060 | 09/17/2021 | Ej.2 | 09/17/2021 | Books |